| 000 | 00712nam a2200253Ia 4500 | ||
|---|---|---|---|
| 003 | OSt | ||
| 005 | 20220925205812.0 | ||
| 006 | a|||||r|||| 00| 0 | ||
| 007 | ta | ||
| 008 | 220923b |||||||| |||| 00| 0 eng d | ||
| 020 | _a817800061X | ||
| 037 | _cGeneral Book | ||
| 040 |
_aRTL _cRTL _beng |
||
| 041 |
_2eng _aeng |
||
| 082 | _aU:(G:55), P4 | ||
| 100 |
_aAnjaneyulu Y _9271057 |
||
| 245 | 0 | _aIntroduction to environmental science | |
| 260 |
_aHyderabad _bB S Publications India _c2004 |
||
| 300 |
_axxv, 734p _ccm. |
||
| 500 | _aBibliography P 711-712 | ||
| 650 |
_aGeography - Environment _9229896 |
||
| 942 |
_hU:(G:55), P4 _cGB _2CC |
||
| 999 |
_c553255 _d553255 |
||